000 01448nas a2200445 i 4500
001 196234
003 ES-MaACL
005 20260623113934.0
007 ta
008 240820d1991201usp mr p 0uuub0spa
010 _ac
_b1
016 7 _abiseBNE19940330657
_2SpMaBN
017 _aM 13200-1977
_bOficina Depósito Legal Madrid
022 0 _a1134-1882
_2_u
035 _a(OCoLC)436565500
035 _a(SpMaBN)bise0000031026
035 _a991029462549708606
037 _bMarqués de Monteagudo, 8, 28028; tf. 5569807
_c225 pta fasc.
040 _aSpMaBN
_bspa
_cSpMaBN
_erdc
_dES-MaACL
080 _a329(460) PCE
130 0 _aMundo obrero (Madrid. 1991)
_9238548
222 0 _aMundo obrero
_bMadrid
245 1 0 _aMundo obrero /
_cPartido Comunista de España
260 _aMadrid :
_bP.C.E.,
_c1991-
300 _av. ;
_c41 cm
310 _aMensual
336 _2rdacontent
_atexto
337 _2rdamedia
_asin mediación
338 _2rdacarrier
_avolumen
362 0 _aN. 1 (sept. 1991)-
500 _aTít. propio tomado de la cub.
588 1 _an. 244 (en. 2012)
655 7 _9226857
_aPeriódicos
710 0 _aPartido Comunista de España
_96135
852 _aEs-MaACL
_cHEM
_jHEM-1805 (Cº 33)
_hDonación: Editorial
_zRevista viva
_zCasillero actual: Cº 33
_9203982
866 _o2022-2024-2025-2026-
942 _2udc
_n0
_cPERIODICO
955 _bVerónica Torres Díaz
999 _c196234
_d196234